01462nam a2200337 a 4500001001000000003000500010005001700015008004100032010001100073011001100084040000900095090001000104100003800114245013700152260004100289500006000330502013000390590004000520590004000560590004000600650004300640650003400683650002900717856007000746901000700816942001000823942000600833999001900839952013100858952013500989000113582CHAP20220329144402.0170807s2017 mx sm |||||||spa d a110043 a111015 cCHAP aTesis1 aParedes Paul, Juan Adrian913300010aCaracterización del proceso de producción y comercialización del mezcal de Oaxacah[En línea]cpor Juan Adrian Paredes Paul. aChapingo, Méx. :bEl autor,c2017. aPara ver el contenido del material haga clic en la liga aTesis (Lic. en Comercio Internacional de Productos Agropecuarios) -- UACH. División de Ciencias Económico Administrativas aE5765TAJb05c20170807lUCH01h0908 aE5765TAJb05c20170807lUCH01h0908 aE5765TAJb05c20170807lUCH01h090914aMezcalxElaboraciónzOaxaca.913300114aMezcalxExportación.97535614aMezcalxMercadeo.975357 aFinding aiduhttp://10.13.5.2/tesis/sist113582.pdfzTeclea aquí aBK cTESIS n0 c110043d110043 00104054718TESISaBCbBCd2017-08-07fTESISl0oTesisp113584-10r2019-12-31 00:00:00w2019-12-31yTESISzRecien adquirido 00102local4053708TESISaBCbBCcPA_TESISd2017-08-07fTESISl0oTesisp113584-20r2019-12-31 00:00:00tc.2w2019-12-31yTESIS